Civilization VI Leader's Greeting Lines - Statistics

General Stats
  • This quiz has been taken 45 times
  • The average score is 5 of 10
Answer Stats
Quote Leader % Correct
Hello, I am _____. My people call meBapu, but please, call me friend. Gandhi
81%
I am _____, the Presidentof a young nation, but one that builds upon dreams. Abraham Lincoln
67%
Why do you come before the ImmortalSon of Heaven, the Great _____? Qin Shi Huang
64%
From the magnificence of Topkapi, I,_____, Kayser-I Rum, bestow upon you my welcome. Suleiman
56%
Hello, I am _____. So, a culturedleader such as yourself must enjoy the finer things in life. Are you fond of art as well? Peter
53%
By the grace of the one God, the powerful,the victorious, the everlasting of whose Kingdom there is no end, I greet you, my sincere friend. Saladin
53%
Let it be known between us: I willrepay treachery with blood! But, if you are a true friend, we will have peace. Tomyris
50%
Good day. It is an honor to meetyou in person. It seems great minds do attract each other, after all. Pedro II
42%
I am _____ and I greet youas a friend. I can see you are blessed by God. Are you here to share your enlightenment? Mvemba a Nzinga
36%
I am the _____ Emperor, friendto those who would steer their trade ships in my direction, and terrible to those who oppose me. Yongle
25%
No matching quizzes found
Score Distribution
Percent of People with Each Score
Percentile by Number Answered
Your Score History
You have not taken this quiz